LEADER 01099cam2 22002773 450 001 SOB004098 005 20250117105908.0 010 $a8814083428 100 $a20040211d2000 |||||ita|0103 ba 101 $aita 102 $aIT 200 1 $a<<10: I >>delitti contro la famiglia e i delitti contro la persona$eLibro 2., artt. 556-623 bis$fa cura di Mario D'Andria ... [et al.] 210 $aMilano$cGiuffrè$d2000 215 $aXXXV, 897 p.$d24 cm 300 $aTit. sul dorso: Artt. 556-623 bis 461 1$1001SOBE00081842$12000 $aCodice penale : rassegna di giurisprudenza e di dottrina / diretta da Giorgio Lattanzi, Ernesto Lupo 702 1$aD'Andria, Mario$3AF00006049$4070 801 0$aIT$bUNISOB$c20250117$gRICA 850 $aUNISOB 852 $aUNISOB$j340|Coll|68|K$m103885 912 $aSOB004098 940 $aM 102 Monografia moderna SBN 941 $aM 957 $a340|Coll|68|K$b000010$gSi$d103885$racquisto$1catenacci$2UNISOB$3UNISOB$420051108120805.0$520120427153223.0$6carrano 996 $aDelitti contro la famiglia e i delitti contro la persona$9748258 997 $aUNISOB